Applying microprocessors : new hardware, software and applications /

Bibliographic Details
Other Authors: Altman, Laurence, Scrupski, Stephen E.
Format: Book
Language:English
Published: New York : McGraw-Hill, [1977]
Series:Electronics book series.
Subjects:

MARC

Tag First Indicator Second Indicator Subfields
LEADER 00000pam a2200000 i 4500
001 in00000616521
005 20151015050411.0
008 761210c19771976nyua 00100 eng
010 |a  76030685  
020 |a 0070997055 :  |c $9.95 
035 |a (OCoLC)02985747 
035 |9 ACS9394AM 
040 |a DLC  |c DLC  |d TXA  |d UtOrBLW 
049 |a TXAM  |c [1538890] 
050 0 0 |a TK7895.M5  |b A66 
082 0 |a 001.6/4/04 
245 0 0 |a Applying microprocessors :  |b new hardware, software and applications /  |c edited by Laurence Altman and Stephen E. Scrupski. 
264 1 |a New York :  |b McGraw-Hill,  |c [1977] 
264 4 |c [©1976] 
300 |a 191 pages :  |b illustrations ;  |c 28 cm. 
336 |a text  |b txt  |2 rdacontent 
337 |a unmediated  |b n  |2 rdamedia 
338 |a volume  |b nc  |2 rdacarrier 
490 1 |a Electronics book series 
500 |a Includes index. 
650 0 |a Microprocessors. 
650 0 |a Microcomputers. 
700 1 |a Altman, Laurence. 
700 1 |a Scrupski, Stephen E. 
830 0 |a Electronics book series. 
999 |a MARS 
999 f f |s 134dc77b-42c1-33dc-b62b-95dbaee57a0b  |i 5277fb1c-5831-32b9-ad89-73838b33d5af  |t 0 
952 f f |p ric  |a Texas A&M University  |b Rellis Campus  |c Joint Library Facility  |d Remote Storage  |t 0  |e TK7895.M5 A66  |h Library of Congress classification  |i unmediated -- volume  |m A14805513055 
998 f f |a TK7895.M5 A66  |t 0  |l Remote Storage